| 000 | 00862nam a2200217Ia 4500 | ||
|---|---|---|---|
| 003 | GCL | ||
| 008 | 140319s9999 xx 000 0 ara d | ||
| 040 |
_aGCL / _cGCL |
||
| 082 | 0 | 4 |
_a870 _bم ا |
| 100 | 1 | _aشاكر مصطفى | |
| 245 | 1 | 0 |
_aادب امريكا اللاتينية: قضايا ومشكلات (القسم الثانى )( عالم المعرفة 122 ) / _cشاكر مصطفى |
| 700 | 1 | _aمورينو , سيزادفرناندث | |
| 700 | 1 | _aاحمد حسان عبدالواحد | |
| 260 |
_aالكويت : _bالمجلس الوطنى للثقافة والفنون والاداب |
||
| 300 |
_a423 ص ؛ _c16 سم |
||
| 490 |
_aعالم المعرفة _v0 |
||
| 650 | 0 | 4 | _aامريكا الجنوبية |
| 650 | 0 | 4 | _aامريكا الجنوبية فى الادب |
| 650 | 0 | 4 | _aامريكا الجنوبية - حضارة |
| 942 |
_2ddc _cBK |
||
| 999 |
_c50245 _d50245 |
||